000 00470cam a2200193 4500
001 D9897
008 090401t1969 xxu||||| |||| 00| 0 eng d
035 _a(Sirsi) u23190
041 _aeng
050 _a692.5
100 _aWillis, Arthur J
245 _aMore advanced quantity surveying
260 _aLondon
_bCrosby Lockwood
_c1969
300 _a39p. ill. 2 plates. 26cm
350 _a0.75
700 _aWillis, Christopher
942 _n0
948 _c04/03/1997
999 _c88346
_d88346